00770nam a22002057a 4500003001100000008004100011040003900052041000800091082001600099111008400115245003300199260005200232300004000284650004400324650003300368650005000401942000700451952009100458999001500549LK-CoMWRAF240624b2004 |||||||| |||| 00| 0 eng d aLK-CoMWRAFdLK-CoMWRAFeLK-CoMWRAF aeng a305.42bWOM aNINTH NATIONAL CONVENTION ON WOMEN'S STUDIESc ( Colombo, d20-23rd March 2004) aSESSION X:bWomen and health a Colombo: bCentre for Women's Research,c 2004 aVarious pg. bBibliography included a WOMEN'S STUDIES- Sri Lanka- Congresses aChild malnutrition-Sri Lanka aMiddle East returnee migrants-Health problems cCP 00104070aMAINbMAINd2024-06-24l0o305.42 WOMpRAF5303r2024-06-24w2024-06-24yCP c4928d4928